000 00767nam a2200301Ia 4500
008 160803s9999 xx 000 0 und d
020 _a978-0142414415
100 _aLupica, Mike
245 _aHot hand /
245 _cMike Lupica.
260 _aNew York :
260 _bScholastic Inc.
260 _c2007
300 _a165 pages :
300 _c20 cm.
440 _aComeback kids.
500 _a"A Comeback Kids novel."
650 _aBasketball stories.
650 _aBrothers and sisters--
650 _aBullying--
650 _aDysfunctional families--
650 _aFathers and sons--
650 _xJuvenile fiction.
650 _xJuvenile fiction.
650 _xJuvenile fiction.
650 _xJuvenile fiction.
700 _a930
999 _c298109
_d298109